<?xml version="1.0" encoding="UTF-8"?><?xml-stylesheet type="text/xsl" href="static/style.xsl"?><OAI-PMH xmlns="http://www.openarchives.org/OAI/2.0/" xmlns:xsi="http://www.w3.org/2001/XMLSchema-instance" xsi:schemaLocation="http://www.openarchives.org/OAI/2.0/ http://www.openarchives.org/OAI/2.0/OAI-PMH.xsd"><responseDate>2026-04-13T02:09:41Z</responseDate><request verb="GetRecord" identifier="oai:www.recercat.cat:10459.1/69006" metadataPrefix="marc">https://recercat.cat/oai/request</request><GetRecord><record><header><identifier>oai:recercat.cat:10459.1/69006</identifier><datestamp>2024-12-05T21:33:34Z</datestamp><setSpec>com_2072_3622</setSpec><setSpec>col_2072_479130</setSpec></header><metadata><record xmlns="http://www.loc.gov/MARC21/slim" xmlns:dcterms="http://purl.org/dc/terms/" xmlns:xsi="http://www.w3.org/2001/XMLSchema-instance" xmlns:doc="http://www.lyncode.com/xoai" xsi:schemaLocation="http://www.loc.gov/MARC21/slim http://www.loc.gov/standards/marcxml/schema/MARC21slim.xsd">
   <leader>00925njm 22002777a 4500</leader>
   <datafield ind2=" " ind1=" " tag="042">
      <subfield code="a">dc</subfield>
   </datafield>
   <datafield ind2=" " ind1=" " tag="720">
      <subfield code="a">Araguas García, Caleb</subfield>
      <subfield code="e">author</subfield>
   </datafield>
   <datafield ind2=" " ind1=" " tag="720">
      <subfield code="a">Corbi Soler, Francesc</subfield>
      <subfield code="e">author</subfield>
   </datafield>
   <datafield ind2=" " ind1=" " tag="260">
      <subfield code="c">2020-06-15T09:50:56Z</subfield>
   </datafield>
   <datafield ind2=" " ind1=" " tag="260">
      <subfield code="c">2020-06-15T09:50:56Z</subfield>
   </datafield>
   <datafield ind2=" " ind1=" " tag="260">
      <subfield code="c">2018</subfield>
   </datafield>
   <datafield ind2=" " ind1=" " tag="520">
      <subfield code="a">Background: Plantar hyperkeratotic lesions are one of the most prevalent foot problems among older&#xd;
people. Because of its simplicity, the most common treatment is scalpel debridement. While some&#xd;
studies have analysed its effectiveness in the short term or among other population groups, none has&#xd;
analysed its effects in the medium term. The aim of this study is to assess the effectiveness of plantar&#xd;
hyperkeratosis debridement compared to a control group receiving sham debridement among an older&#xd;
population group.&#xd;
Methods: Two hundred older participants (76.4 ± 4.8 years) were randomly assigned to two groups:&#xd;
scalpel debridement of plantar hyperkeratoses (experimental group) or sham debridement (control&#xd;
group). Plantar hyperkeratotic pain was measured on a visual analogue scale.&#xd;
Results: The results suggest that there were no significant differences between the groups studied just&#xd;
after treatment (p ¼ 0.27), although significant differences between them were found as from 24 h after&#xd;
treatment (p ¼ 0.05) and 2 (p ¼ 0.03), 3 (p ¼ 0.04), 4 (p ¼ 0.04) and 5 days after treatment (p ¼ 0.04).&#xd;
Conclusions: The results of this study suggest that there were significant differences in self-perception of&#xd;
pain levels between the group of older people treated for plantar hyperkeratoses with scalpel&#xd;
debridement and the control group as from 24 h after treatment</subfield>
   </datafield>
   <datafield ind1="8" ind2=" " tag="024">
      <subfield code="a">http://hdl.handle.net/10459.1/69006</subfield>
   </datafield>
   <datafield tag="653" ind2=" " ind1=" ">
      <subfield code="a">Hyperkeratosis</subfield>
   </datafield>
   <datafield tag="653" ind2=" " ind1=" ">
      <subfield code="a">Foot</subfield>
   </datafield>
   <datafield tag="653" ind2=" " ind1=" ">
      <subfield code="a">Pain</subfield>
   </datafield>
   <datafield ind2="0" ind1="0" tag="245">
      <subfield code="a">The Effect of Plantar Hyperkeratosis Debridement on Self-Perception of Pain Levels in older People</subfield>
   </datafield>
</record></metadata></record></GetRecord></OAI-PMH>